LEADER 01184nam a2200289 4500 001 000000367072 003 CaOOAMICUS 005 20260331104523.0 008 260330s1992 it a 000 u ita r 020 $a88-7152-328-8 040 $aSeMil$bita 100 1 $aShort, Robert L.$0(OLS)http://semarc/name/19100 240 14$aThe parables of Peanuts.$0(OLS)http://semarc/title/458914 245 13$aLe parabole secondo Snoopy /$cRobert L. Short. 264 1$aTorino :$bGribaudi,$c1992. 300 $a342 p. :$bill. ;$c19 cm 490 1 $aUmorismo & Fantasia 650 4$aPeanuts .$0(OLS)http://semarc/subject/54675 650 4$aSchulz, Charles - Fumetti - Aspetti religiosi.$0(OLS)http://semarc/subject/59894 830 0$aUmorismo & Fantasia.$0(OLS)http://semarc/title/432417 850 $aSeMil 852 $aSeMil$W1$xVenegono$y1$B257808$CSeMilBibl$Z2$F257808 $81 961 $aPerego don Stefano - Omaggio 996 $6020$a88-7152-328-8$9(OLS)http://semarc/number/305595 996 $6245$aLe parabole secondo Snoopy$9(OLS)http://semarc/title/458915 996 $6264$aTorino :$bGribaudi$9(OLS)http://semarc/publisher/31540